000 00919nam0a22002411 4500
001 rc\443077
005 20030616171254.9
035 _a(NLR Aleph) 005688783
090 _a7153167
_c7153167
100 _a20030616d1987 u |0rusy50 ca
101 0 _arus
102 _aRU
105 _ay |||||||||
200 1 _aИсследования по оптимизации состава вспомогательных веществ, биологической доступности и стабильности таблеток фтазина, барбитал-натрия, кальция глюконата
_fПятигорск. фармацев. ин-т
210 _aПятигорск
_cБ. и.
_d1987
215 _a22 с.
320 _aБиблиогр.: с. 21-22
700 1 _aСергин
_bЕ. Л.
801 0 _aRU
_bNLR
_gpsbo
801 1 _aRU
_bELAR
_2rusmarc
852 _aNLR
_j88-4/22319
942 _cBOOK
980 _aNB